Civitas : revista trimestral ilustrada, órgano de la Sociedad Cívica La Ciudad Jardín revista trimestral ilustrada, órgano de la Sociedad Cívica La Ciudad Jardín
MARC
| LEADER | 00000nas a2200000 a 4500 | ||
|---|---|---|---|
| 003 | Arxiu | ||
| 005 | 20260324180138.0 | ||
| 008 | 160829d19151924spcqrxp spa c | ||
| 040 | |a AGDB | ||
| 080 | |a Revistes | ||
| 245 | 0 | 0 | |a Civitas : |b revista trimestral ilustrada, órgano de la Sociedad Cívica La Ciudad Jardín |
| 246 | 3 | 3 | |a Civitas : |b butlletí de propaganda de la Ciutat Jardí |
| 260 | |a Barcelona : |b Sociedad Cívica La Ciudad Jardín, |c 1914-1924 | ||
| 300 | |a 3 volums : |b il·lustracions, periodicitat trimestral ; |c 31 cm | ||
| 310 | |a Trimestral, amb irregularitats | ||
| 362 | |a 1914-1924? | ||
| 500 | |a Dirigida i fundada per: Cebrià de Montoliu ; la 2a èp. per: Nicolau Ma. Rubió i Tudurí ; col·laboradors: J. Martorell, R. Reventós, F. Rahola, etc. | ||
| 500 | |a La 1a època porta el subtítol: revista trimestral ilustrada, órgano de la Sociedad Cívica La Ciudad Jardín. La 2a època porta el subtítol: butlletí de propaganda de la Ciutat Jardí | ||
| 500 | |a A la 1a època, l'impressor és: Tipografía La Académica. A la 2a època, l'impressor és: Altés Impressor | ||
| 590 | |a Trimestral. | ||
| 590 | |a Descripció basada en: 1a època, any 1, núm. 4 (gen. 1915). | ||
| 590 | |a Prové de 3389, exp. 10. | ||
| 590 | |a La 1a època acaba el 1919 i la 2a època comença el juny de 1920, núm. 1. | ||
| 590 | |a A partir de la 2a època el text apareix en català i castellà, i incorpora el subtítol: butlletí de propaganda de la Ciutat Jardí. | ||
| 650 | 0 | |a Conjunts residencials |9 47763 |z Barcelona (Catalunya) |v Revistes | |
| 650 | |a Urbanisme |x Barcelona |x Revistes |9 47764 | ||
| 655 | 0 | |9 55823 |a Revistes | |
| 710 | 2 | |9 56394 |a Ciutat Jardí (Organització) |e entitat editora | |
| 856 | 4 | 0 | |u https://arca.bnc.cat/arcabib_pro/ca/consulta/registro.do?id=2417 |z Accés a text complet |
| 866 | |a 1a època, any 1, 1915 (4, 5, 6) | ||
| 901 | |a Arxiu | ||
| 942 | |n 1 |2 udc |c REV | ||
| 952 | |0 0 |1 0 |4 0 |6 REV2142 |7 1 |9 54083 |a Arxiu |b Arxiu |d 2023-05-16 |o Rev-2142 |r 2016-12-01 00:00:00 |w 2016-12-01 |y ARXIU | ||
| 999 | |c 57951 |d 57951 | ||